| 000 | 00359pam a2200157a 44500 | ||
|---|---|---|---|
| 008 | 230515b1980 xxu||||| |||| 00| 0 eng d | ||
| 020 | _aNULL | ||
| 041 | _aENGL | ||
| 082 | _a621.38132/BHA/OTH | ||
| 100 | _aBHARGAVA N N & OTHER | ||
| 245 | _aBASIC OF ELECTRONICS | ||
| 250 | _aN.D. | ||
| 260 |
_aNULL _bC.B.S _c1980 |
||
| 300 | _a132 PB | ||
| 650 | _aNULL | ||
| 999 |
_c625071 _d625071 |
||